000 00329nam a2200145Ia 4500
008 191201s2012 xx 000 0 und d
082 _a658.3
_bDEH
100 _aDESSLER,Gary
245 0 _aHuman Resource Management
250 _a11th
260 _aN. Delhi
_bPearson
_c2012
300 _a736
650 _aBBA
942 _2ddc
_cBK
999 _c4451
_d4451